|
|
|
|
| LEADER |
01173pam a22003738a 4500 |
| 001 |
00036762 |
| 005 |
20171026081025.0 |
| 008 |
170324s2016 ||||||Viesd |
| 020 |
# |
# |
|a 978604 53 78 44 76
|
| 041 |
0 |
# |
|a Vie
|
| 082 |
1 |
4 |
|a 781.61
|b Â120NH
|
| 245 |
0 |
0 |
|a Âm nhạc cổ truyền tộc người Chăm
|c Bùi Ngọc Phúc(Chủ biên); Hoàng Đình Phương; Phan Thị Thi Thơ....[ và những người khác]
|
| 260 |
# |
# |
|a Hà Nội
|b Mỹ Thuật
|c 2016
|
| 300 |
# |
# |
|a 279tr.
|c 21 cm.
|
| 500 |
# |
# |
|a ĐTTS:Hội văn nghệ dân gian Việt Nam
|
| 653 |
# |
# |
|a Văn học dân gian
|
| 653 |
# |
# |
|a Văn hóa
|
| 653 |
# |
# |
|a Nhạc khí
|
| 653 |
# |
# |
|a Âm nhạc
|
| 700 |
1 |
# |
|a Bùi, Ngọc Phúc
|e (Chủ biên)
|
| 700 |
1 |
# |
|a Hoàng, Đình Phương
|
| 700 |
1 |
# |
|a Phan, Thị Thi Thơ
|
| 700 |
1 |
# |
|a Trần, Lê Khánh Hào
|
| 852 |
# |
# |
|b Kho đọc
|j KD.0019629
|
| 852 |
# |
# |
|j KD.0019629
|
| 910 |
|
|
|d 24/03/2017
|
| 980 |
# |
# |
|a Trung tâm Học liệu Lê Vũ Hùng, Trường Đại học Đồng Tháp
|